000 00431pab a2200145 454500
008 180718b1985 xxu||||| |||| 00| 0 eng d
100 _aShiva Ramu, S.
245 _aTurn - around strategy for SPEs (State Public Enterprises)
_bPerception of middle level management
260 _c1985
300 _a7-19
362 _aFeb.
650 _aGovernment Enterprise - Executives - India - Karnataka
773 _aLok Udyog
909 _a9231
999 _c9231
_d9231